000 00558nam a2200169 4500
001 5740
005 20181127180136.0
008 840404s1962 nyua 000 0 eng
100 1 _aNational Land Commission.
245 1 0 _aAtlas of land cover and institutional facilities /
_b
_cNational Land Commission.
260 _aThimphu :
_bNational Land Commission,
_c2016.
300 _a105 p. ;
_billus.
_c29.5 cm.
650 0 _aSoil conservation
_zBhutan.
650 0 _aSoil fertility
_zBhutan.
650 0 _aSoil management
_zBhutan.
999 _c4851
_d4851